000 00427nam a2200193Ia 4500
008 210210b1938 xxu||||| |||| 00| 0 eng d
041 _aeng
082 _a513/34
100 _aDURELL
245 _aElementary calculus Vol I
260 _aLondon
_bG Bell & Sons Ltd.
_c1938
650 _aVol
650 _aI
650 _aElementary
650 _acalculus
690 _aCalculus
700 _aROBSON
906 _a007314
999 _c139735
_d139735